| 000 | 00396nam a2200145Ia 4500 | ||
|---|---|---|---|
| 008 | 240126s9999 xx 000 0 und d | ||
| 041 | _aEnglish | ||
| 082 | _aLIBRARY-XXI | ||
| 245 | 0 | _aCSI Communications (1999 - | |
| 260 |
_bComputer Society of India _aMumbai |
||
| 440 | _aNULL | ||
| 650 | _aComputer Application | ||
| 650 | _aCSI,Communications,(1999,-,Computer Application | ||
| 942 | _cJN | ||
| 999 |
_c270568 _d270568 |
||